00936naa#a2200181#i#4500001001600000005001700016011001400033100004100047102000700088200020700095210020500302215001000507608004500517675004800562700006200610700005200672856003000724RU\\bibl\11664520260429151840.3##a1994-4683##a20260429b2026####ek#y0rusy0150####ca##aRU1#aОсобенности подготовки студентов вузов к участию в городских легкоатлетических эстафетахeЖурнальная статья1#aМоскваcНациональный государственный Университет физической культуры, спорта и здоровья им. П.Ф. Лесгафтаd2026##a5 с.##aЖурнальная статья2local##aЭстафетный бег. 796.422.093.34#1aСидоренкоgАлександр Сергеевич#1aОбуховgИлья Владимирович4#auchzapiski.lesgaft.spb.ru